| 000 | 00845cab a2200277 4500 | ||
|---|---|---|---|
| 001 | WB3411-14 | ||
| 008 | 090401t1998 xxu||||| |||| 00| 0 eng d | ||
| 035 | _a(Sirsi) u85098 | ||
| 041 | _aeng | ||
| 245 | _aRetailing | ||
| 260 | _c1998 | ||
| 350 | _a0 | ||
| 490 |
_aFinancial Times _vSupplement 17 March 1998 (4) LOAN |
||
| 520 | _aSurvey on the retail sector. Covers the drive for globalisation, home shopping, sports retailing and category management. | ||
| 650 | _aCONSUMERS | ||
| 650 | _aGLOBALISATION | ||
| 650 | _aHOME SHOPPING | ||
| 650 | _aLEISURE MARKET | ||
| 650 | _aPROPERTY-COMMERCIAL PROPERTY-RETAIL PROPERTY-RETAIL PROPERTY MARKET | ||
| 650 | _aRETAILING | ||
| 650 | _aSINGLE CURRENCY | ||
| 650 | _aSUPERMARKETS | ||
| 690 | _aPROPERTY-COMMERCIAL PROPERTY-RETAIL PROPERTY | ||
| 942 | _n0 | ||
| 948 | _c20/03/1998 | ||
| 999 |
_c53507 _d53507 |
||